• 首页
  • 本馆介绍
  • 公告通知
  • 最新文献
  • 馆藏检索
  • 电子资源
  • 读者导购
  • 参考咨询
  • 我的图书馆
  • 登录
  • 详细信息显示
  • 放入我的书架
  • 预约/预借图书
  • 作者相关作品
  • 分类相关作品
  • 丛书相关作品
  • 出版社相关作品

书目信息

  • 表格格式
  • 工作单格式
  • 卡片格式
题名:
新平彝语腊鲁话研究
    
 
作者: 王国旭, 著
分册:  
出版信息: 昆明   云南人民出版社  2020.12
页数: 273页
开本: 29cm
丛书名:
单 册:
中图分类: H217
科图分类:
主题词: 彝语--yi yu--研究--新平彝族傣族自治县
电子资源:
ISBN: 978-7-222-14254-1
000 01061nam0 2200253 450
001 CAL 0120217132358
005 20230217093112.0
010    @a978-7-222-14254-1@dCNY72.00
100    @a20210430d2020 em y0chiy0120 ea
101 0  @achi@ayiz
102    @aCN@b530000
105    @aak a 000yy
106    @ar
200 1  @a新平彝语腊鲁话研究@Axin ping yi yu la lu hua yan jiu@f王国旭著
210    @a昆明@c云南人民出版社@d2020.12
215    @a273页@c图@d29cm
314    @a王国旭, 副教授。云南民族大学文学与传媒学院教师、校党委组织部副部长等职。
320    @a有书目 (第267-271页)
330    @a本书采用参考语法的研究范式和体例, 以现代描写语言学、语言类型学等理论为指导, 从语音、词汇、语法展现了腊鲁话的基本面貌 ; 语言的功能使用部分, 借助社会语言学和应用语言学的相关理论和方法, 对腊鲁人居住比较集中的两个区域 —— 马鹿塘村和磨味村的语言保持及青少年的词汇磨蚀进行了探讨。
606 0  @a彝语@Ayi yu@x研究@y新平彝族傣族自治县
690    @aH217@v5
701  0 @a王国旭,@Awang guo xu@f1980-@4著
801  0 @aCN@bBJXHZP@c20230228
905    @b1385754-7@dH217@e1628@f4
    
    新平彝语腊鲁话研究/王国旭著.-昆明:云南人民出版社,2020.12
    273页:图;29cm
    
    
    ISBN 978-7-222-14254-1:CNY72.00
    本书采用参考语法的研究范式和体例, 以现代描写语言学、语言类型学等理论为指导, 从语音、词汇、语法展现了腊鲁话的基本面貌 ; 语言的功能使用部分, 借助社会语言学和应用语言学的相关理论和方法, 对腊鲁人居住比较集中的两个区域 —— 马鹿塘村和磨味村的语言保持及青少年的词汇磨蚀进行了探讨。
●
相关链接 在E读中查询图书 在五车中查询图书 在当当中查询图书 在豆瓣中查询图书


正题名:新平彝语腊鲁话研究     索取号:H217/1628         预约/预借

序号 登录号 条形码 馆藏地/架位号 状态 备注
1 1385754   213857548   第二样本阅览室/ [索取号:H217/1628] 在馆    
2 1385755   213857557   第四借阅区/ [索取号:H217/1628] 在馆    
3 1385756   213857566   第四借阅区/ [索取号:H217/1628] 在馆    
4 1385757   213857575   第四借阅区/ [索取号:H217/1628] 在馆    
唐山师范学院图书馆 欢迎您!
大连网信软件有限公司© 版权所有